| 000 | 00536nam a2200193Ia 4500 | ||
|---|---|---|---|
| 005 | 20250905125924.0 | ||
| 008 | 081213s9999 xx 000 0 und d | ||
| 050 |
_aBL310 _b.F73 1959 |
||
| 082 |
_a291.01 _bFRA |
||
| 100 | _aFrazer, James George | ||
| 245 |
_aThe new golden bough: _ba new abridgment of the classic work. |
||
| 260 |
_c1959 _aNew York. _bCriterion books. |
||
| 300 |
_axxx, 738p. _c24cm. |
||
| 500 | _aIncludes index. | ||
| 650 | _aMythology. | ||
| 650 | _aReligion. | ||
| 650 | _aSuperstition. | ||
| 942 |
_cBK _2lcc |
||
| 999 |
_c22129 _d22129 |
||